Normal view
MARC view
- Stapleton, Pamela.
Entry Personal Name
001 - CONTROL NUMBER
- control field: 40162
003 - CONTROL NUMBER IDENTIFIER
- control field: OSt
005 - DATE AND TIME OF LATEST TRANSACTION
- control field: 20191002145509.0
008 - FIXED-LENGTH DATA ELEMENTS
- fixed length control field: 191002|| aca||aabn | a|a d
040 ## - CATALOGING SOURCE
- Original cataloging agency: OSt
100 ## - HEADING--PERSONAL NAME
- Personal name: Stapleton, Pamela.
- Relator term: Author.
